00505nam a22001457a 4500041000800000082001600008100001600024245013500040260002500175300000800200650002000208942000900228952010500237999001700342 aENG a230.41bANA aAnanth Babu aExploring the Impact of the Luthern Church on Social Justice Intiatives in Prakasam District, Andhra Pradesh, in Independent India aHyderabadbHMIc2025 a100 aTheology-Luther cTHES 00104070aHMIbHMIcGENd2025-06-27eStudentl0o230.41 ANAp11-4878r2025-06-27w2025-06-27yTHES c23546d23546